Statistics for Professional Athlete Brothers

Click here to take the quiz!

General Stats

  • This quiz has been taken 11 times
    (3 since last reset)
  • The average score is 18 of 58

Answer Stats

HintAnswer% Correct
NFLEli
100%
AaronHank
100%
WattJ.J.
100%
ManningPeyton
100%
CurrySteph
100%
MLBAaron
67%
MLBDom
67%
WilkinsDominique
67%
BrettGeorge
67%
MLBJoe
67%
DimaggioJoe
67%
Jose
67%
GronkowskiRob
67%
NFLT.J
67%
GwynnTony
67%
LeiterAl
33%
BooneBret
33%
LopezBrook
33%
MLBChris
33%
NFLChris
33%
MatthewsClay
33%
MorrisMarcus
33%
MLBMark
33%
NBAMarkieff
33%
NiekroPhil
33%
AlomarRoberto
33%
NBARobin
33%
MLBSandy
33%
NBASeth
33%
NFLShannon
33%
SharpeSterling
33%
GuerreroVladimir
33%
MolinaYadier
33%
Auto RacingAdam
0%
NBAAlbert
0%
MLBBenji
0%
NFLBennie
0%
KingBernard
0%
BladesBrian
0%
NFLBruce
0%
WolfleyCraig
0%
Dan
0%
Derek
0%
AlouFelipe
0%
NBAGerald
0%
Glenn
0%
Jesus
0%
MLBKen
0%
PettyKyle
0%
MLBMatty
0%
MLBPedro
0%
MartinezRamon
0%
NFLRon
0%
GriffinShaquem
0%
NFLShaquill
0%
MLBTommie
0%
Vince
0%
MLBWilton
0%

Score Distribution

Percentile by Number Answered

Percent of People with Each Score

Your Score History

You have not taken this quiz since the last reset